000 00257nam a2200109Ia 4500
008 190216s9999||||xx |||||||||||||| ||und||
100 _aAymanam Krishna Maik
245 0 _aAttakatha Sahithyam
260 _bBhasha Institute
650 _aPadanam
942 _cBK
999 _c26289
_d26289